MDQL
is popping MORE tags! Check the
thread
!
Quizzes
Events
Quiz Creation
Community
Videos
Private Events
Remove Ads
Sign In
Join for FREE
Feedback
Dark Mode
Quiz Categories
Sports
Geography
Music
Movies
Television
Just For Fun
Miscellaneous
History
Literature
Language
Science
Gaming
Entertainment
Religion
Holiday
For Kids
Quiz Lab
Recent
Popular Today
Quiz Kudos Today
Editor Picks
Curator Picks
Quizzes by...
Day
Popularity
Type
Ratings
Length
Year
Community
Subscriptions
Recent Discussions
Orange Saloon
Badges
Playlists
Quests
Create
Leaderboards
Showdown
Live 5
Trivia Bingo
Activity
Puzzle Library
Sporcle Events
Private Events
Virtual Trivia
Globe League
Become a Host
Pub Owners
SporcleCon
Opinionation
Our Games
Videos
Blog
Mobile Apps
Partnerships
Remove Ads and Go Orange
Feedback
Sports
Athletes
MLB
NBA
NHL
NFL
Soccer
Sports Teams
WWE
NCAA
Football
Premier League
Basketball
Baseball
Hockey
Golf
Tennis
Cricket
Rugby
Auto Racing
Olympics
World Cup
Sports
Athletes
MLB
NBA
NHL
NFL
Soccer
Sports Teams
WWE
NCAA
Football
Premier League
Basketball
Baseball
Hockey
Golf
Tennis
Cricket
Rugby
Auto Racing
Olympics
World Cup
Random Quiz
Search Sporcle
×
Quiz Lab
Quiz Lab
Sports
Soccer
Type in answers that appear in a list
Type in answers that appear in a list
Classic
Best Score? Go Orange.
Famous Trophies Stats
Can you name the Famous Trophy Names by Tournament?
By
aj_sp0rcle
4m
18 Questions
202 Plays
202 Plays
202 Plays
Comments
Comments
Give Quiz Kudos
Give Quiz Kudos
-
- Ratings
hide this ad
Random Order
Randomize order of answers
Randomize order of answers
Replay
Link that replays current quiz
Next Quiz
Link to next quiz in quiz playlist
You Got
0%
They Got
Avg Score
20%
Avg Friend Score
Upgrade to see
Score Distribution
Jump to the score distribution portion of the page
Score
0/18
Timer
04:00
0
Plays Today
Tournament
Trophy
% Correct
National Hockey League
Stanley Cup
66.8%
National Football League
Vince Lombardi Trophy
60.4%
NCAA Football (Best Player)
Heisman Trophy
47.5%
British Open (Golf)
Claret Jug
36.1%
National Basketball Association
Larry O'Brien Championship Trophy
31.2%
Canadian Football League
The Grey Cup
29.2%
PGA Championship
Wanamaker Trophy
22.8%
FIFA World Cup (1930-
1970)
Jules Rimet Trophy
20.8%
Major League Baseball
Commissioner's Trophy
18.3%
Tournament
Trophy
% Correct
Indianapolis 500
Borg-Warner Trophy
9.9%
Wimbledon (Women's Tennis)
Venus Rosewater Dish
6.9%
UEFA Champions League
Coupe des Clubs Champions Européens
5.9%
Australian Open (Men's Tennis)
Norman Brookes Challenge Cup
3%
Australian Open (Women's Tennis)
Daphne Akhurst Memorial Cup
3%
French Open (Men's Tennis)
Coupe des Mousquetaires
3%
Preakness Stakes
Woodlawn Vase
3%
UEFA European Championship
Henri Delaunay Trophy
2.5%
Major League Soccer
Phillip F. Anschutz Trophy
2%
Quiz Playlist
Details
Report
Send in Message
Add To Playlist
Classic:
Type in answers that appear in a list
Random Order:
Randomize order of answers
Last Updated: Feb 16, 2017
Quiz Scoreboard
CHALLENGE
Sign Up to Join the Scoreboard
Show All
Scores
Hide
Comments
May contain spoilers
Recently Published
Two Season TV Shows II
by 123Four
Television
10m
Image Sorting: Flags VI
by Barbecue
Geography
2m
Find the 'City' Movie
by crazypaving
Movies
60s
More to Explore
Quiz From the Vault
Featured Blog Post
14 Easter Pick-up Lines to Find Eggs With
hide this ad
You Might Also Like...
Tags
Baseball Quiz
Basketball Quiz
Football Quiz
Golf Quiz
MLB Quiz
NBA Quiz
NFL Quiz
NHL Quiz
Soccer Quiz
Tennis Quiz
PGA
Trophy
Today's Top Quizzes in Sports
Browse Sports
hide this ad
Today's Top Quizzes in Soccer
Browse Soccer
Top Contributed Quizzes in Sports
1
Les meilleurs buteurs des matchs entre le PSG et l’OM
2
Les entraîneurs de l'OM et du PSG au 21e siècle
3
2022 World Cup Stars
4
Les joueurs passés par le PSG et l'OM
5
Players with Multiple 50 Home Run Seasons
6
FIFA Club World Cup Champions
7
Criteria MLB: Left Handed Sluggers
8
Les joueurs passés par le LOSC et le RC Lens
9
Top 10 NHL Goal Scorers of All Time
10
NBA Logic Puzzle 2.0
Explore More
Trending Topics
Anime
Crossword
Disney
Kpop
Harry Potter
NBA
Marvel
WWE
Song
NFL
Soccer
The Office
Puzzle
Pokémon
Country
hide this ad
More By:
aj_sp0rcle
Quiz
Plays
Rating
Category
Featured
Created
50 Largest US Metros
2,620
4.27
Geography
Apr 3, 2011
Match Zip Code with State Capital
2,064
4.28
Geography
Sep 6, 2011
Predominant Languages in the World
1,784
4.00
Geography
Jun 9, 2011
States Where Two Biggest Cities Begin With Same Letter
957
4.68
Geography
Feb 23, 2012
Which City is Further North?
697
3.80
Geography
Mar 25, 2012
Go to Creator's Profile
Score Distribution
Quiz Creator Spotlight
aj_sp0rcle
Follow
Send a Message
Quizzes Created
-
Created Quiz Play Count
-
More By This Creator
Popular Quizzes Today
1
Find the US States - No Outlines Minefield
2
Colored Red Africa Blitz
3
Find the 'City' Movie
4
5x2 Blitz: Bands
5
The Countries of the World
6
Find the Countries of Europe - No Outlines Minefield
7
Find the US States
8
US States
More Sports Quizzes
NFL - First Names
Quiz Lab
Trending Quizzes
Colored Red Europe Blitz I
Colored Red Africa Blitz II
Colored Red Europe Blitz II
Even More Two Season TV Shows
Colored Red Africa Blitz III
Recently Updated
March Madness Men's Triple Doubles
pecheneg
How Do You Spell That?
pecheneg
Godzilla Movies
pecheneg
Grab Bag: 4-10 Letters
pecheneg
2024 March Madness Bracket
pecheneg
Famous TV Couples
Peacemaker
Champions League XIs: Real Madrid
pecheneg
Largest US Cities 1790-2010
pecheneg
Rides in Walt Disney World
pecheneg
Most Oscar Losses (Acting)
pecheneg
Trending Topics
NBA
Anime
Crossword
Harry Potter
Disney
Marvel
Kpop
Puzzle
Pokémon
The Office
Song
Country
Soccer
NFL
WWE
Your Account Isn't Verified!
In order to create a playlist on Sporcle, you need to verify the email address you used during registration. Go to your
Sporcle Settings
to finish the process.
Report this User
Report this user for behavior that violates our
Community Guidelines
.
Details:
Send Report
Go to the Sporcle.com Mobile Site →
Comments